000
00301nam a2200097Ia 4500
008
220204s9999 xx 000 0 und d
100
_a
Subrahmanyam, K.V
245
0
_a
Linkages between farm and non farm sector-Role of processing of horticultural products
260
_a
Mumbai
_b
NABARD
_c
2000
942
_c
BK
999
_c
43954
_d
43954